| 000 | 00580nam a2200181 a 4500 | ||
|---|---|---|---|
| 001 | 000036266 | ||
| 005 | 20210310105541.0 | ||
| 008 | 120112s1946 sp 000 f spa d | ||
| 040 |
_aDO-SdBNP _bspa _cBNPHU |
||
| 100 | 1 |
_aZweig, Stefan _948388 |
|
| 245 | 1 | 0 |
_aMaría Estuardo / _cStefan Zweig ; traducción del alemán por Ramón María Tenreiro. |
| 250 | _a6a. ed. | ||
| 260 |
_aBuenos Aires : _bJuventud Argentina, _c1946. |
||
| 300 |
_a401 p. ; _c23 cm. |
||
| 600 | 1 | 4 |
_aESTUARDO, MARÍA _962375 |
| 650 | 2 | 0 |
_aBografías _920254 |
| 700 | 1 |
_aTenreiro, Ramón María, _etrad. _962376 |
|
| 999 |
_c35757 _d35757 |
||